| 000 | 00000nam##2200000za#4500 |
| 001 | 9.698535 |
| 003 | CaOODSP |
| 005 | 20210624235955 |
| 007 | cr ||||||||||| |
| 008 | 150407|1996||||xxc|||||o f|0| 0 eng|d |
| 040 | |aCaOODSP|beng |
| 043 | |an-cn--- |
| 086 | 1 |aM37-37/1996E-PDF |
| 110 | 1 |aCanada.|bNatural Resources Canada. |bMinerals and Metals Sector. |
| 245 | 14|aThe minerals and metals policy of the Government of Canada : |h[electronic resource]|bpartnerships for sustainable development |
| 260 | |aOttawa - Ontario : |bNatural Resources Canada. |cc1996. |
| 300 | |a35p. |
| 500 | |a"The Policy describes, within areas of federal jurisdiction, the Government's role, objectives and strategies for the sustainable development of Canada's mineral and metal resources."--Page v. |
| 500 | |aThe catalogue number (M37-37/1996E) and ISBN (0-662-25154-7) for the print edition have been incorrectly copied in this electronic publication. |
| 520 | 3 |aThe Policy describes, within areas of federal jurisdiction, the Government's role, objectives and strategies for the sustainable development of Canada's mineral and metal resources.--Page v |
| 590 | |a13-24-Supp|b2013-10-18 |
| 690 | 07|aMining industry|2gcpds |
| 690 | 07|aGovernment policy|2gcpds |
| 775 | 08|tLa politique des minéraux et des métaux du gouvernement du Canada : |w(CaOODSP)9.642542 |
| 776 | 0#|tLa politique des minéraux et des métaux du gouvernement du Canada : |w(CaOODSP)9.679915 |
| 856 | 40|ahttp://publications.gc.ca|qPDF|s160 KB|uhttps://publications.gc.ca/collections/collection_2013/rncan-nrcan/M37-37-1996-eng.pdf |